Information systems in management
Guardat en:
| Autor principal: | |
|---|---|
| Format: | Llibre |
| Idioma: | anglès |
| Publicat: |
Belmont
Wadsworth Publshing Company
1978
|
| Matèries: | |
| Etiquetes: |
Afegir etiqueta
Sense etiquetes, Sigues el primer a etiquetar aquest registre!
|
MARC
| LEADER | 00000nam a2200000 a 4500 | ||
|---|---|---|---|
| 001 | UCR9460 | ||
| 003 | CL-VaPUC | ||
| 008 | 980613e19780000US |||||||||||||||||eng|d | ||
| 082 | 0 | 4 | |a 004.2 |b SEN |2 21 |
| 100 | 0 | |a Senn, James A |e author |9 412032 | |
| 245 | 1 | 0 | |a Information systems in management |
| 300 | |a 638 p | ||
| 942 | |c BK | ||
| 945 | |d 19980613 00:00:00 |a crobeson | ||
| 260 | |a Belmont |b Wadsworth Publshing Company |c 1978 | ||
| 650 | 0 | |a Sistemas de información en administración |9 260041 | |
| 650 | 0 | |a Administración de bases de datos |9 260338 | |
| 650 | 0 | |a Ingeniería de software |9 263866 | |
| 583 | |a last modification |c 19980613 00:00:00 |k Rodrigo Vera | ||
| 999 | |c 270654 |d 270652 | ||
| 952 | |0 0 |1 0 |4 0 |6 004_200000000000000_SEN_1978 |7 0 |8 P |9 305021 |a BIBGIM |b BIBGIM |d 2019-11-20 |i 1413635 |o 004.2 SEN 1978 |p 1413635 |r 2025-01-15 |w 2019-11-20 |y BK |k COM | ||